000 00642cam a22002293a 4500
001 17964
003 PGUSA
005 20140828083401.0
008 060311s2006||||xxu|||||s|||||000 | eng d
040 _aPGUSA
_beng
042 _adc
050 4 _aPS
100 1 _aBangs, John Kendrick,
_d1862-1922
245 1 0 _aOlympian Nights
_h[electronic resource] /
_cJohn Kendrick Bangs
260 _bProject Gutenberg,
_c2006
506 _aPublic domain in the USA.
516 _aElectronic text
653 _aMythology, Classical -- Humor
830 0 _aProject Gutenberg
_v17964
856 4 0 _uhttp://www.gutenberg.org/ebooks/17964
942 _cEB
999 _c247219
_d247219